000 00813nam a2200193Ia 4500
008 0000001993 ck a 0000000000spa00
090 _aPSP00 S24i
100 1 _aDel Rio, Ignacio
_d1936
245 1 0 _aIgnacio del Rio
_c/ comentario de Bernardo Cuesta Beltrán
300 _a1 plegable [2] p.
_c/ 28 cm.
500 _aExposición realizada en Figuras Galería, Cali, desde diciembre de 1993 a enero de 1994 \ Con el patronazgo del maestro venezolano Jesús Rafael Soto (q.e.p.d.) \ Registro auspiciado por el IDCT. Bogotá
600 0 0 _a DEL RIO, IGNACIO, 1936/
_xTRABAJOS PICTORICOS
650 1 4 _a PINTORES ESPAÑOLES
650 1 4 _aARTISTAS PLASTICOS ESPAÑOLES
650 1 4 _xCATALOGOS
650 1 4 _xEXPOSICIONES
650 1 4 _aPINTURA ESPAÑOLA
999 _c3820
_d3820
260 _aCali : Figuras Galería
_c1993